00551nam a2200169 i 450000100060000000300090000600500170001500700030003200800410003510000160007624500430009226000690013530000300020449000630023483000630029785200210036083852ES-MaACL20230906174914.0t|041118s1909 fr ||||1| fre d1 aIoteyko, J.13aLa fonction musculaire / cJ. Ioteyko. aParis : bOctave Doin et Fils, c1909 (eDijon : fDarantiére) a420 p. : bil. ; c18 cm.1 aEncyclopédie scientifique. Bibliothèque de physiologie0 aEncyclopédie scientifique. Bibliothèque de physiologie aES-MaACLjD-4318